Qualitative research : (Registro nro. 66859)
[ vista simple ]
| 000 -LEADER | |
|---|---|
| fixed length control field | 01137cam a2200313 i 4500 |
| 001 - CONTROL NUMBER | |
| control field | 66859 |
| 003 - CONTROL NUMBER IDENTIFIER | |
| control field | Mx-PuUPA |
| 005 - DATE AND TIME OF LATEST TRANSACTION | |
| control field | 20230522130834.0 |
| 008 - FIXED-LENGTH DATA ELEMENTS--GENERAL INFORMATION | |
| fixed length control field | 170314s2016 caua r 000 0 eng d |
| 020 ## - INTERNATIONAL STANDARD BOOK NUMBER | |
| International Standard Book Number | 9781119003618 |
| 040 ## - CATALOGING SOURCE | |
| Original cataloging agency | Mx-PuUPA |
| Language of cataloging | spa |
| Transcribing agency | Mx-PuUPA |
| Modifying agency | Mx-PuUPA |
| Description conventions | rda |
| 041 0# - LANGUAGE CODE | |
| Language code of text/sound track or separate title | eng |
| 100 1# - MAIN ENTRY--PERSONAL NAME | |
| Personal name | Merriam, Sharan B., |
| Relator term | autor |
| 9 (RLIN) | 3691 |
| 245 10 - TITLE STATEMENT | |
| Title | Qualitative research : |
| Remainder of title | a guide to design and implementation / |
| Statement of responsibility, etc. | Sharan B. Merriam, Elizabeth J. Tisdell |
| 250 ## - EDITION STATEMENT | |
| Edition statement | Fourth edition |
| 264 #1 - PRODUCTION, PUBLICATION, DISTRIBUTION, MANUFACTURE, AND COPYRIGHT NOTICE | |
| Place of production, publication, distribution, manufacture | San Francisco, CA : |
| Name of producer, publisher, distributor, manufacturer | Jossey-Bass, |
| Date of production, publication, distribution, manufacture, or copyright notice | ©2016 |
| 300 ## - PHYSICAL DESCRIPTION | |
| Extent | xix, 346 páginas : |
| Other physical details | ilustraciones ; |
| Dimensions | 23 cm |
| 336 ## - CONTENT TYPE | |
| Content type term | texto |
| Fuente | rdacontent |
| Content type code | txt |
| 337 ## - MEDIA TYPE | |
| Media type term | sin medio |
| Source | rdamedia |
| Media type code | n |
| 338 ## - CARRIER TYPE | |
| Carrier type term | volumen |
| Source | rdacarrier |
| Carrier type code | nc |
| 650 #4 - SUBJECT ADDED ENTRY--TOPICAL TERM | |
| Topical term or geographic name entry element | Educación |
| General subdivision | Investigación |
| -- | Metodología |
| 650 #4 - SUBJECT ADDED ENTRY--TOPICAL TERM | |
| Topical term or geographic name entry element | Educación |
| General subdivision | Investigación |
| -- | Estudios de caso |
| 650 #4 - SUBJECT ADDED ENTRY--TOPICAL TERM | |
| Topical term or geographic name entry element | Cualitativo |
| General subdivision | Investigación |
| 700 1# - ADDED ENTRY--PERSONAL NAME | |
| Personal name | Tisdell, Elizabeth J., |
| Dates associated with a name | 1955- |
| Relator term | autor |
| 942 ## - ADDED ENTRY ELEMENTS (KOHA) | |
| Source of classification or shelving scheme | Dewey Decimal Classification |
| Koha item type | Libro |
| Classification part | 370.72 |
| Item part | M552 |
| Withdrawn status | Lost status | Source of classification or shelving scheme | Damaged status | Not for loan | Collection code | Home library | Current library | Shelving location | Date acquired | Source of acquisition | Total Checkouts | Full call number | Barcode | Date last seen | Date last checked out | Price effective from | Koha item type | Total Renewals | Copy number | Cost, normal purchase price | Cost, replacement price |
|---|---|---|---|---|---|---|---|---|---|---|---|---|---|---|---|---|---|---|---|---|---|
| Dewey Decimal Classification | General | Biblioteca Karol Wojtyla | Biblioteca Karol Wojtyla | Sala general | 14/03/2017 | Compra | 2 | 370.72 M552 2016 | 97126 | 05/01/2026 | 15/05/2019 | 18/03/2017 | Libro | ||||||||
| Dewey Decimal Classification | General | Biblioteca Karol Wojtyla | Biblioteca Karol Wojtyla | Sala general | 18/03/2017 | Compra | 2 | 370.72 M552 2016 | 97127 | 05/01/2026 | 09/09/2019 | 18/03/2017 | Libro | 2 | Ej.2 | ||||||
| Dewey Decimal Classification | General | Biblioteca Karol Wojtyla | Biblioteca Karol Wojtyla | Sala general | 06/08/2024 | 2 | 1 | 370.72 M552 2016 | 100697 | 05/01/2026 | 16/08/2022 | 06/08/2024 | Libro | Ej.4 | 1035.30 | 1035.30 | |||||
| Dewey Decimal Classification | General | Biblioteca Karol Wojtyla | Biblioteca Karol Wojtyla | Sala general | 06/08/2024 | 2 | 370.72 M552 2016 | 100696 | 05/01/2026 | 06/08/2024 | Libro | Ej.3 | 1035.30 | 1035.30 |